| 000 | 007280000a22002410004500 | ||
|---|---|---|---|
| 001 | 52265 | ||
| 010 | _a972-574-427-6 | ||
| 021 |
_aPT _b82001/94 |
||
| 090 | _a52265 | ||
| 100 | _a20180613d2018 k y0pory5003 ba | ||
| 101 | 0 | _apor | |
| 102 | _aPT | ||
| 200 | 1 |
_aAs histórias do ursinho _fMaureen Spurgeon _gilust. Pamela Storey _gtrad. C. Godinho |
|
| 210 |
_aQueluz _cImpala _dcop. 2004 |
||
| 215 |
_a32 p. _cmuito il. |
||
| 606 | _aConto infantojuvenil | ||
| 675 |
_a82-34 _vBN _zpor |
||
| 700 | 1 |
_aSpurgeon _bMaureen |
|
| 702 | 1 |
_944427 _4440 _aStorey _bPamela |
|
| 702 |
_922058 _4730 _aGodinho _bC. |
||
| 801 |
_aPT _c20180613 |
||
| 942 |
_cMON _n0 |
||
| 999 |
_a52265 _bBibliobase - BEBDPPC _c2019-01-21 |
||